Tratado de derecho procesal laboral : ejecuciones y procesos especiales. Procesos provinciales. Concursos y quiebras. Tomo II /
Guardado en:
| Autor Principal: | |
|---|---|
| Formato: | Libro |
| Idioma: | Undetermined |
| Publicado: |
Santa Fe :
Rubinzal - Culzoni,
2012.
|
| Edición: | 1a. ed. |
| Materias: | |
| Etiquetas: |
Agregar Etiqueta
Sin Etiquetas, Sea el primero en etiquetar este registro!
|
| LEADER | 00596nam a22001695a 4500 | ||
|---|---|---|---|
| 001 | DER.der015011 | ||
| 008 | 240703s2012####xx############000#0#und#d | ||
| 005 | 20240703094129.0 | ||
| 245 | 1 | 0 | |a Tratado de derecho procesal laboral : |b ejecuciones y procesos especiales. Procesos provinciales. Concursos y quiebras. |n Tomo II / |c Enrique M. Falcón. |
| 250 | |a 1a. ed. | ||
| 260 | |a Santa Fe : |b Rubinzal - Culzoni, |c 2012. | ||
| 300 | |a 774 p. | ||
| 020 | |a 9789873002847 | ||
| 100 | 1 | |a Falcón, Enrique M. | |
| 650 | 7 | |a DERECHO LABORAL | |
| 650 | 7 | |a PROCESOS LABORALES | |
| 859 | |a DERECHO |b BIB. DERECHO |h 347.05 |i FAL |p 0010451 | ||
